00691nam a2200181 4500020001500000041000800015080001600023100001900039245008200058260000900140300006700149500001400216502013000230650004600360650003500406650003300441650003500474 a8247151413 aeng a325.21bBRU aBrun, Cathrine aFinding a place:blocal integration and protracted displacement in Sri Lanka  c2003 aix, 332 p. : ill., maps, plans ; 23 cm.bBibliography included aDr. Polit gDepartment of Geography, Faculty of Social Sciences and Technology Management, Norwegian University of science and Technology aInternally displaced persons -Sri Lanka  aMigration, Internal -Sri Lanka aForced migration - Sri Lanka aMuslims -Sri Lanka -Migrations